| 000 | 00584nam a2200217Ia 4500 | ||
|---|---|---|---|
| 003 | OSt | ||
| 005 | 20220928144650.0 | ||
| 006 | a|||||r|||| 00| 0 | ||
| 007 | ta | ||
| 008 | 220927b |||||||| |||| 00| 0 eng d | ||
| 024 | _a72811 | ||
| 037 | _cTextual | ||
| 040 |
_aSDCL _cSDCL _beng |
||
| 041 |
_2eng _aeng |
||
| 082 | _aX.271'M3, L8 | ||
| 100 |
_aDas Binod Sankar _9508967 |
||
| 245 | 0 | _aStudies in the economic history of Orissa from ancient times to 1833. | |
| 260 | _c1978 | ||
| 942 |
_hX.271'M3, L8 _cTEXL _2CC |
||
| 999 |
_c828789 _d828789 |
||